Language Quiz

Random Language or German Quiz

German: Months Quiz Stats

 Plays Quiz Updated Jun 20, 2019

Score 0/12 Timer 03:00
1 Play Today
English Deutsch % Correct
JanuaryJanuar
95.1%
MayMai
93.4%
AprilApril
93%
JulyJuli
92.5%
FebruaryFebruar
92.3%
AugustAugust
91.4%
SeptemberSeptember
90.3%
NovemberNovember
90%
JuneJuni
88.9%
MarchMärz
87.8%
OctoberOktober
87.3%
DecemberDezember
80%

You're not logged in!

Compare scores with friends on all Sporcle quizzes.
OR
Log In

Sporcle TV

Today on Sporcle TV


Watch our educational content, quiz creation guides, and fun videos on Sporcle TV.

Show Comments

Extras

Top Quizzes Today


Score Distribution

Your Account Isn't Verified!

In order to create a playlist on Sporcle, you need to verify the email address you used during registration. Go to your Sporcle Settings to finish the process.

Report this User

Report this user for behavior that violates our Community Guidelines.

Details: